[Event "Zolochiv Winter op"]
[Site "Zolochiv"]
[Date "2017.12.07"]
[Round "7"]
[White "Dourtmes, Philip"]
[Black "Winichenko, Mikhail"]
[Result "1-0"]
[WhiteElo "2328"]
[BlackElo "2284"]
[PlyCount "85"]
[EventDate "2017.12.03"]
[EventType "swiss"]
[EventRounds "9"]
[EventCountry "UKR"]
[SourceTitle "EXT 2019"]
[Source "ChessBase"]
[SourceDate "2018.10.10"]
[SourceVersion "1"]
[SourceVersionDate "2018.10.10"]
[SourceQuality "1"]

1. d4 d5 2. c4 e6 3. Nf3 Nf6 4. Nc3 Be7 5. Bf4 0-0 6. e3 c6 7. h3 Nbd7 8. c5 b6 9. b4 bxc5 10. bxc5 Qa5 11. Qd2 Ba6 12. Nxd5 Qxd2+ 13. Kxd2 Nxd5 14. Bxa6 Nxf4 15. exf4 Rfd8 16. Kc3 Rab8 17. Rab1 Kf8 18. Rb3 Nf6 19. Rhb1 Rxb3+ 20. Rxb3 Nd5+ 21. Kc4 Bf6 22. g3 Ke8 23. Rb7 Rd7 24. Rb8+ Rd8 25. Rxd8+ Kxd8 26. Kb3 Kc7 27. Bc4 Be7 28. Bxd5 exd5 29. Ng5 Bxg5 30. fxg5 Kd7 31. Kc3 Ke7 32. g4 Kd7 33. Kd3 Ke7 34. Ke3 Kd7 35. f4 Ke7 36. f5 Kd7 37. Kf4 Ke7 38. h4 Kd7 39. Ke5 Kc7 40. h5 Kd7 41. h6 g6 42. Kf6 Ke8 43. Kg7 1-0

[Event "Zolochiv Winter op"]
[Site "Zolochiv"]
[Date "2017.12.06"]
[Round "6"]
[White "Bajarani, Ulvi"]
[Black "Dourtmes, Philip"]
[Result "1/2-1/2"]
[WhiteElo "2474"]
[BlackElo "2328"]
[PlyCount "66"]
[EventDate "2017.12.03"]
[EventType "swiss"]
[EventRounds "9"]
[EventCountry "UKR"]
[SourceTitle "EXT 2019"]
[Source "ChessBase"]
[SourceDate "2018.10.10"]
[SourceVersion "1"]
[SourceVersionDate "2018.10.10"]
[SourceQuality "1"]

1. e4 e5 2. Nf3 Nc6 3. Bc4 Bc5 4. b4 Bxb4 5. c3 Ba5 6. d4 exd4 7. 0-0 d6 8. cxd4 Bb6 9. Nc3 Na5 10. Bd3 Ne7 11. h3 0-0 12. Bb2 c6 13. Qc2 Ng6 14. Rae1 Re8 15. Bc1 Be6 16. d5 cxd5 17. exd5 Bd7 18. Ne4 Rc8 19. Qb1 Nc4 20. Bxc4 Rxc4 21. Nxd6 Rxe1 22. Rxe1 Rc3 23. Nf5 Rxf3 24. gxf3 Qf6 25. Qe4 h6 26. Ng3 Bxh3 27. Be3 Nh4 28. Kh2 Bd7 29. Rc1 Nxf3+ 30. Kg2 Nh4+ 31. Kg1 Nf3+ 32. Kg2 Nh4+ 33. Kh2 Nf3+ 1/2-1/2